[Event "CFriend AP-2005-Q-00009 email"]
[Site "Chessfriend.com"]
[Date "2005.04.15"]
[Round "1"]
[White "Mondelo Garcia, Alejandro"]
[Black "Webb, Louis C"]
[Result "1-0"]
[WhiteElo "2170"]
[BlackElo "1791"]
[PlyCount "81"]
[EventDate "2005.??.??"]
[EventType "tourn (corr)"]
[EventRounds "12"]
[SourceTitle "Corr 2024"]
[Source "ChessBase"]
[SourceDate "2023.10.19"]
[SourceVersion "1"]
[SourceVersionDate "2023.10.19"]
[SourceQuality "1"]

1. e4 c5 2. Nf3 Nc6 3. d4 cxd4 4. Nxd4 e5 5. Nb5 a6 6. Nd6+ Bxd6 7. Qxd6 Qe7 8. Qd1 Nf6 9. Nc3 0-0 10. Be3 b5 11. a4 b4 12. Nd5 Nxd5 13. exd5 Nd4 14. Bxd4 exd4+ 15. Qe2 Qc5 16. 0-0-0 Qxd5 17. Qc4 Qa5 18. Rxd4 Qxa4 19. Qxb4 Qa1+ 20. Kd2 a5 21. Qa3 Qxa3 22. bxa3 Re8 23. f3 Re7 24. Bd3 Bb7 25. c4 Rae8 26. Rd6 Bc6 27. Kc3 f6 28. Rd1 Re1 29. Rxe1 Rxe1 30. Bf5 Re3+ 31. Rd3 Re7 32. Be4 Ba4 33. Rd5 Re5 34. Kd4 Rxd5+ 35. Bxd5+ Kf8 36. Kc5 Bb3 37. Kd6 Ke8 38. c5 a4 39. Be4 g6 40. Bd3 Kd8 41. Bb5 1-0

[Event "CFriend AP-2005-Q-00009 email"]
[Site "Chessfriend.com"]
[Date "2005.04.15"]
[Round "1"]
[White "Webb, Louis C"]
[Black "Carr, James"]
[Result "0-1"]
[WhiteElo "1791"]
[BlackElo "1925"]
[PlyCount "116"]
[EventDate "2005.??.??"]
[EventType "tourn (corr)"]
[EventRounds "12"]
[SourceTitle "Corr 2024"]
[Source "ChessBase"]
[SourceDate "2023.10.19"]
[SourceVersion "1"]
[SourceVersionDate "2023.10.19"]
[SourceQuality "1"]

1. e4 e5 2. Nf3 Nc6 3. Bb5 a6 4. Bxc6 dxc6 5. 0-0 Qd6 6. d4 exd4 7. e5 Qg6 8. Nxd4 Bg4 9. f3 Bh3 10. Qe2 Ne7 11. Nc3 0-0-0 12. Be3 f6 13. e6 Nf5 14. Nxf5 Bxf5 15. Bf2 Re8 16. Rfe1 Rxe6 17. Qc4 Rxe1+ 18. Rxe1 Bd6 19. Ne4 Bxe4 20. Rxe4 Qh5 21. Qe6+ Kb8 22. h4 Rd8 23. c4 Bc5 24. Bxc5 Qxc5+ 25. Kh2 Qf2 26. b4 Rd2 27. Qg8+ Ka7 28. Qxg7 Qxf3 29. Re7 Qf4+ 30. Qg3 Qxc4 31. Rxh7 Qxb4 32. Rxc7 Qd4 33. Rc8 Rd1 34. Qb8+ Kb6 35. Qc7+ Kc5 36. Qa5+ b5 37. Qa3+ Kb6 38. Qg3 Qg1+ 39. Kh3 Qh1+ 40. Kg4 Rd4+ 41. Kf5 Qb1+ 42. Kxf6 Qf1+ 43. Kg6 Rd7 44. Qf3 Qb1+ 45. Kf6 Qc1 46. Ke6 Rd4 47. Rb8+ Ka5 48. Rf8 Qe1+ 49. Kf5 Qxh4 50. Rf6 Rd5+ 51. Ke6 Qg5 52. Kf7 Rd7+ 53. Ke6 Rc7 54. Qe4 c5 55. Qf3 c4 56. Qc3+ Kb6 57. Qd4+ Kb7 58. Qe4+ Rc6+ 0-1

[Event "CFriend AP-2005-Q-00009 email"]
[Site "Chessfriend.com"]
[Date "2005.04.15"]
[Round "1"]
[White "Webb, Louis C"]
[Black "Heimonen, Arto"]
[Result "1-0"]
[WhiteElo "1791"]
[BlackElo "2052"]
[PlyCount "65"]
[EventDate "2005.??.??"]
[EventType "tourn (corr)"]
[EventRounds "12"]
[SourceTitle "Corr 2024"]
[Source "ChessBase"]
[SourceDate "2023.10.19"]
[SourceVersion "1"]
[SourceVersionDate "2023.10.19"]
[SourceQuality "1"]

1. e4 c5 2. Nf3 d6 3. d4 cxd4 4. Nxd4 Nf6 5. Nc3 a6 6. Bc4 e6 7. 0-0 b5 8. Bd3 Bb7 9. a4 b4 10. Nce2 Nxe4 11. c3 bxc3 12. Nxc3 Nxc3 13. bxc3 Nd7 14. Rb1 Rb8 15. Re1 g6 16. Nxe6 fxe6 17. Rxe6+ Kf7 18. Bc4 Qc8 19. Rxd6+ Qxc4 20. Rxd7+ Kg8 21. Rbxb7 Rxb7 22. Rxb7 Qe6 23. Be3 h5 24. Rb6 Qf7 25. Bd4 Rh6 26. Rxa6 h4 27. Qb1 h3 28. Rf6 Qd5 29. f3 Qg5 30. Qb3+ Kh7 31. Rf7+ Kg8 32. Rd7+ Qd5 33. Qxd5# 1-0

[Event "CFriend AP-2005-Q-00009 email"]
[Site "Chessfriend.com"]
[Date "2005.04.15"]
[Round "1"]
[White "Webb, Louis C"]
[Black "Salzmann, Stefan"]
[Result "0-1"]
[WhiteElo "1791"]
[BlackElo "2334"]
[PlyCount "78"]
[EventDate "2005.??.??"]
[EventType "tourn (corr)"]
[EventRounds "12"]
[SourceTitle "Corr 2024"]
[Source "ChessBase"]
[SourceDate "2023.10.19"]
[SourceVersion "1"]
[SourceVersionDate "2023.10.19"]
[SourceQuality "1"]

1. e4 e5 2. Nf3 Nc6 3. Bb5 a6 4. Bxc6 dxc6 5. 0-0 f6 6. d4 exd4 7. Nxd4 c5 8. Nb3 Qxd1 9. Rxd1 Bg4 10. f3 Bd7 11. Bf4 0-0-0 12. Nc3 c4 13. Nd4 Bc5 14. Nd5 Ne7 15. Nxc7 g5 16. Bg3 f5 17. Nd5 Nxd5 18. exd5 Ba4 19. Kf1 Rxd5 20. Ne6 Rxd1+ 21. Rxd1 Be3 22. b3 Bb5 23. Ke1 c3 24. Rd5 Re8 25. a4 Bc6 26. Re5 f4 27. Bf2 b6 28. Bxe3 fxe3 29. Rxe3 Kd7 30. a5 Rxe6 31. Rxe6 Kxe6 32. axb6 Kd5 33. g3 Kc5 34. f4 gxf4 35. gxf4 Kxb6 36. f5 Kc7 37. Ke2 Be4 38. f6 Kd6 39. f7 Ke7 0-1

[Event "CFriend MZ-2004-3-00001 email"]
[Site "Chessfriend.com"]
[Date "2004.08.28"]
[Round "1"]
[White "Bossenbroek, Hendrik Jan"]
[Black "Webb, Louis C"]
[Result "1-0"]
[WhiteElo "1977"]
[BlackElo "1791"]
[PlyCount "127"]
[EventDate "2004.??.??"]
[EventType "tourn (corr)"]
[EventRounds "6"]
[SourceTitle "Corr 2024"]
[Source "ChessBase"]
[SourceDate "2023.10.19"]
[SourceVersion "1"]
[SourceVersionDate "2023.10.19"]
[SourceQuality "1"]

1. d4 e6 2. c4 d5 3. Nf3 Nf6 4. Bg5 Be7 5. Nc3 0-0 6. Rc1 c5 7. dxc5 h6 8. Bxf6 Bxf6 9. e3 Na6 10. cxd5 Nxc5 11. Qd2 Bxc3 12. Qxc3 Ne4 13. Qc7 exd5 14. Qxd8 Rxd8 15. Nd4 Bd7 16. f3 Nd6 17. Bd3 Rac8 18. Ke2 Nc4 19. Bf5 Nxb2 20. Rxc8 Bxc8 21. Bxc8 Rxc8 22. Rb1 Nc4 23. Rxb7 a6 24. Nf5 Rc5 25. a4 Ra5 26. Rb4 Kh7 27. h3 Rc5 28. Rb7 Kg6 29. Ne7+ Kf6 30. Rc7 Rxc7 31. Nxd5+ Ke5 32. Nxc7 a5 33. Nb5 Kd5 34. Nd4 h5 35. Nb3 h4 36. Kd3 Nb2+ 37. Kc3 Nxa4+ 38. Kc2 f5 39. Nxa5 g6 40. Nb3 g5 41. Nc1 Nc5 42. Nd3 Na4 43. Kb3 Nb6 44. Kc3 Na4+ 45. Kb4 Nb6 46. Kb5 Nd7 47. Nb4+ Kd6 48. Kc4 Ne5+ 49. Kd4 g4 50. fxg4 fxg4 51. hxg4 Nxg4 52. Nd3 Ke6 53. Ke4 Nf6+ 54. Kf4 Nd5+ 55. Kf3 Kf6 56. e4 Nc3 57. Kf4 Kg6 58. e5 Nd5+ 59. Kg4 Ne3+ 60. Kf3 Nc2 61. Ke4 Kf7 62. Nf4 Kg7 63. Kd5 Ne3+ 64. Kc6 1-0

[Event "CFriend MZ-2004-3-00001 email"]
[Site "Chessfriend.com"]
[Date "2004.08.28"]
[Round "1"]
[White "Webb, Louis C"]
[Black "Lehnert, Ronald"]
[Result "0-1"]
[WhiteElo "1791"]
[BlackElo "2223"]
[PlyCount "72"]
[EventDate "2004.??.??"]
[EventType "tourn (corr)"]
[EventRounds "6"]
[SourceTitle "Corr 2024"]
[Source "ChessBase"]
[SourceDate "2023.10.19"]
[SourceVersion "1"]
[SourceVersionDate "2023.10.19"]
[SourceQuality "1"]

1. e4 c5 2. Nf3 d6 3. d4 cxd4 4. Nxd4 Nf6 5. Nc3 g6 6. Be3 Bg7 7. Bb5+ Nbd7 8. 0-0 0-0 9. Qd2 Ng4 10. Bg5 h6 11. Be3 a6 12. Bxd7 Bxd7 13. h3 Nxe3 14. Qxe3 Rc8 15. Rfd1 Re8 16. a3 Rc4 17. b3 Rc5 18. Rac1 Rc8 19. f4 Qa5 20. Nd5 e6 21. b4 Qd8 22. Nc3 Qb6 23. e5 g5 24. g3 dxe5 25. fxe5 Bxe5 26. Qxe5 Rxc3 27. Rd3 Qc7 28. Qe3 Rc4 29. c3 e5 30. Nb3 Bf5 31. Rd5 Qc6 32. Qd2 b6 33. g4 Bg6 34. Rd6 Qf3 35. Rxb6 Be4 36. Kh2 Rxc3 0-1

[Event "CFriend AT-2004-0-00063 email"]
[Site "Chessfriend.com"]
[Date "2004.07.10"]
[Round "1"]
[White "Lovas, Roger"]
[Black "Webb, Louis C"]
[Result "0-1"]
[WhiteElo "1546"]
[BlackElo "1791"]
[PlyCount "40"]
[EventDate "2004.??.??"]
[EventType "tourn (corr)"]
[EventRounds "2"]
[SourceTitle "Corr 2024"]
[Source "ChessBase"]
[SourceDate "2023.10.19"]
[SourceVersion "1"]
[SourceVersionDate "2023.10.19"]
[SourceQuality "1"]

1. d4 c5 2. c3 cxd4 3. cxd4 d5 4. e3 Nf6 5. Bd3 Nc6 6. Nf3 Bg4 7. h3 Bh5 8. 0-0 Rc8 9. Re1 e6 10. a3 e5 11. g4 e4 12. gxh5 exd3 13. Qxd3 Qd7 14. Ng5 h6 15. Nf3 Qxh3 16. e4 Qg4+ 17. Kf1 dxe4 18. Nh2 Qxh5 19. Kg1 Bd6 20. Nf3 Qg4+ 0-1

[Event "CFriend AT-2004-0-00063 email"]
[Site "Chessfriend.com"]
[Date "2004.07.10"]
[Round "1"]
[White "Webb, Louis C"]
[Black "Lovas, Roger"]
[Result "1-0"]
[WhiteElo "1791"]
[BlackElo "1546"]
[PlyCount "29"]
[EventDate "2004.??.??"]
[EventType "tourn (corr)"]
[EventRounds "2"]
[SourceTitle "Corr 2024"]
[Source "ChessBase"]
[SourceDate "2023.10.19"]
[SourceVersion "1"]
[SourceVersionDate "2023.10.19"]
[SourceQuality "1"]

1. e4 e5 2. Nf3 Nc6 3. Bb5 Nge7 4. Nc3 a6 5. Ba4 d5 6. exd5 Nxd5 7. Nxe5 Qe7 8. 0-0 b5 9. Nxc6 Qg5 10. d4 Qg6 11. Re1+ Ne7 12. Nxe7 Bxe7 13. Nd5 Bb7 14. Qe2 Qe6 15. Nxc7+ 1-0

[Event "CFriend AP-2004-Q-00003 email"]
[Site "Chessfriend.com"]
[Date "2004.02.04"]
[Round "?"]
[White "Webb, Louis C"]
[Black "Helmer, Janos"]
[Result "0-1"]
[WhiteElo "1700"]
[BlackElo "2293"]
[PlyCount "56"]
[EventDate "2004.??.??"]
[EventType "tourn (corr)"]
[EventRounds "12"]
[SourceTitle "Corr 2008"]
[Source "ChessBase"]
[SourceDate "2008.06.24"]
[SourceVersion "1"]
[SourceVersionDate "2008.06.24"]
[SourceQuality "1"]

1. e4 e5 2. Nf3 Nc6 3. Bb5 Nge7 4. d4 exd4 5. 0-0 d6 6. Nxd4 Bd7 7. Nc3 a6 8. Nd5 Nxd5 9. Bxc6 bxc6 10. exd5 cxd5 11. Qf3 Be7 12. Qxd5 0-0 13. Bf4 Bf6 14. Rae1 Ra7 15. c3 Qa8 16. Qe4 Qxe4 17. Rxe4 Rb7 18. b3 d5 19. Re3 c5 20. Ne2 d4 21. cxd4 cxd4 22. Rd3 Bb5 23. Rd2 g5 24. Bg3 Re8 25. Nxd4 Bxf1 26. Kxf1 Rd7 27. Nf3 Rxd2 28. Nxd2 Bc3 0-1

[Event "CFriend AP-2004-Q-00003 email"]
[Site "Chessfriend.com"]
[Date "2004.02.04"]
[Round "1"]
[White "Webb, Louis C"]
[Black "Nikel, Bogdan"]
[Result "0-1"]
[WhiteElo "1791"]
[BlackElo "2289"]
[PlyCount "48"]
[EventDate "2004.??.??"]
[EventType "tourn (corr)"]
[EventRounds "12"]
[SourceTitle "Corr 2024"]
[Source "ChessBase"]
[SourceDate "2023.10.19"]
[SourceVersion "1"]
[SourceVersionDate "2023.10.19"]
[SourceQuality "1"]

1. e4 c5 2. Nf3 Nc6 3. d4 cxd4 4. Nxd4 Nf6 5. Nc3 d6 6. Bb5 Bd7 7. 0-0 e6 8. f4 d5 9. exd5 exd5 10. Re1+ Be7 11. Qe2 Nxd4 12. Bxd7+ Qxd7 13. Qd3 Nc6 14. Re2 0-0 15. f5 Bc5+ 16. Kh1 Nb4 17. Qf3 d4 18. Ne4 Nxe4 19. Qxe4 Rfe8 20. Qg4 h5 21. Qg3 Rxe2 22. Bh6 Bf8 23. Bxg7 Bxg7 24. f6 Qg4 0-1

[Event "CFriend AP-2004-Q-00003 email"]
[Site "Chessfriend.com"]
[Date "2004.02.04"]
[Round "?"]
[White "Webb, Louis C"]
[Black "Nursaidov, Askar"]
[Result "0-1"]
[WhiteElo "1690"]
[BlackElo "1800"]
[PlyCount "102"]
[EventDate "2004.??.??"]
[EventType "tourn (corr)"]
[EventRounds "12"]
[SourceTitle "Corr 2008"]
[Source "ChessBase"]
[SourceDate "2008.06.24"]
[SourceVersion "1"]
[SourceVersionDate "2008.06.24"]
[SourceQuality "1"]

1. e4 e6 2. d4 d5 3. exd5 exd5 4. Nf3 Nf6 5. Bb5+ c6 6. Bd3 Bd6 7. Qe2+ Be7 8. 0-0 0-0 9. Re1 Bd6 10. Bg5 Bg4 11. h3 Bh5 12. Nbd2 Nbd7 13. Bf5 Qc7 14. Qd3 Rae8 15. c4 Bg6 16. Nh4 Bh2+ 17. Kh1 Bf4 18. Nxg6 hxg6 19. Bxd7 Rxe1+ 20. Rxe1 Bxg5 21. Bg4 Nxg4 22. hxg4 Bxd2 23. Qxd2 dxc4 24. Re4 Qd8 25. Qe3 Qa5 26. Re7 b6 27. a3 Qb5 28. Qe2 Qg5 29. Rxa7 Qc1+ 30. Kh2 Qf4+ 31. g3 Qxd4 32. Kg2 b5 33. Rc7 Qd6 34. Re7 Rd8 35. Re8+ Rxe8 36. Qxe8+ Kh7 37. Qxf7 Qe5 38. Qd7 Qxb2 39. g5 Qxa3 40. Qh3+ Kg8 41. Qc8+ Kf7 42. Qxc6 Qd3 43. Qxb5 Kg8 44. Qe8+ Kh7 45. Qb5 Qe4+ 46. f3 Qe2+ 47. Kh3 Qe6+ 48. g4 c3 49. Qc5 Qb3 50. Qe3 Qc4 51. Qc1 c2 0-1